| 000 | 01321cam a2200373Mi 4500 | ||
|---|---|---|---|
| 001 | 76569 | ||
| 005 | 20230410123600.0 | ||
| 008 | 080717s2007 fr a 000 0 fre d | ||
| 035 | _a(OCoLC)ocn439732585 | ||
| 040 |
_aSILIS _eppiak _bslv _cSILIS |
||
| 020 | _a9782707152473 | ||
| 020 | _a2707152471 | ||
| 035 | _a(OCoLC)439732585 | ||
| 044 |
_afr _cfra |
||
| 050 | 1 | 4 |
_aKJV 3721 _bF673 2007 |
| 080 | 0 | 0 | _a347 |
| 245 | 1 | 3 |
_aLa fonction politique de la justice / _csous la direction de Jacques Commaille et Martine Kaluszynski. |
| 260 |
_aParis : _bDécouverte, _ccop. 2007. |
||
| 300 |
_a327 str. : _bgraf. prikazi ; _c24 cm. |
||
| 490 | 1 | _aRecherches. Série Territoires du politique | |
| 504 | _aBibliografija na koncu poglavij. | ||
| 650 | 0 | 0 |
_aJustice, Administration of _xPolitical aspects _zFrance. |
| 650 | 0 | 0 |
_aPolitical questions and judicial power _zFrance. |
| 650 | 0 | 6 |
_aJustice _xAdministration _xAspect politique. |
| 653 | 0 |
_asodna oblast _apravica _apravosodje _asojenje _apolitika _aFrancija |
|
| 650 | 4 |
_aFunción judicial _zFrancia. |
|
| 650 | 4 |
_aAdministración de justicia _zFrancia. |
|
| 700 | 1 | 2 |
_aCommaille, Jacques. _4edt |
| 700 | 1 |
_aKaluszynski, Martine. _4edt |
|
| 830 | 0 |
_aRecherches. _pSérie Territoires du politique. |
|
| 942 |
_2lcc _cbk |
||
| 946 | _amjcruz | ||
| 994 |
_aC0 _bDRFGD |
||
| 999 |
_c64322 _d64322 |
||